[Event "Bad Woerishofen 2017 - Senioren"]
[Site "Bad Woerishofen"]
[Date "2017.03.14"]
[Round "5.29"]
[White "Ganslmayer, Anton"]
[Black "Dallmeier, Gerhard"]
[Result "1-0"]
[WhiteElo "2046"]
[BlackElo "1819"]
[Annotator "chessorg"]
[PlyCount "57"]
[EventDate "2017.??.??"]
[WhiteTeam "SC Eichenau"]
[BlackTeam "SK Roland Weißenfels"]

1. Nf3 Nf6 2. d4 g6 3. Bg5 Bg7 4. Nbd2 O-O 5. c3 d6 6. e4 Nbd7 7. Bc4 e5 8. O-O
c6 9. Bb3 h6 10. Bh4 Qe8 11. Re1 b5 12. Qc2 g5 13. Bg3 Nh5 14. a4 Nxg3 15. hxg3
exd4 16. Nxd4 Nc5 17. axb5 Nxb3 18. Qxb3 c5 19. Nf5 Be6 20. Nxg7 Kxg7 21. c4
Qd7 22. Qc3+ Kh7 23. Rad1 a6 24. bxa6 Rxa6 25. f3 Rb8 26. Kf2 Rb4 27. Rh1 Qb7
28. Qf6 Kg8 29. Rxh6 1-0

[Event "Bad Woerishofen 2017 - Senioren"]
[Site "Bad Woerishofen"]
[Date "2017.03.15"]
[Round "5.30"]
[White "Stokes, Paul"]
[Black "Walther, Reinhard"]
[Result "0-1"]
[WhiteElo "1867"]
[BlackElo "2008"]
[Annotator "chessorg"]
[PlyCount "92"]
[EventDate "2017.??.??"]
[WhiteTeam "Battersea"]
[BlackTeam "SK 1911 Herzogenaurach e.V."]

1. d4 c5 2. d5 g6 3. g3 Bg7 4. Bg2 d6 5. Nf3 Bf5 6. Nbd2 Qd7 7. e4 Bh3 8. Bxh3
Qxh3 9. Ng5 Qd7 10. h4 h6 11. Nh3 Na6 12. Nc4 b5 13. Na5 Qc7 14. Nc6 Nb8 15.
Nxb8 Rxb8 16. Nf4 Nf6 17. Qe2 Nd7 18. h5 g5 19. Ng2 Bf6 20. Ne3 e6 21. Ng4 Bg7
22. O-O Nf6 23. Nxf6+ Bxf6 24. dxe6 fxe6 25. Qg4 Ke7 26. Rb1 Rhg8 27. Be3 Rbf8
28. Rfd1 Be5 29. Kg2 Rg7 30. Rd2 Rgf7 31. c3 Qc6 32. Rbd1 a5 33. a3 Bf4 34.
gxf4 gxf4 35. Bxc5 Qxc5 36. Qh4+ Rf6 37. Kf3 Qe5 38. Rd4 Kd7 39. Qg4 Kc6 40.
R1d2 Rd8 41. Qh4 Rd7 42. c4 b4 43. axb4 axb4 44. b3 Rff7 45. Qh2 Rg7 46. Ke2
f3+ 0-1

[Event "Bad Woerishofen 2017 - Senioren"]
[Site "Bad Woerishofen"]
[Date "2017.03.15"]
[Round "5.31"]
[White "Spurga, Josef"]
[Black "Wenske, Hardy"]
[Result "1/2-1/2"]
[WhiteElo "2007"]
[BlackElo "1814"]
[PlyCount "76"]
[EventDate "2017.??.??"]
[WhiteTeam "VfL Sindelfingen"]
[BlackTeam "Kieler SG von 1884"]

1. d4 d5 2. Nf3 Nf6 3. c4 c6 4. e3 a6 5. a4 e6 6. Nc3 Bd6 7. Bd3 Nbd7 8. O-O
O-O 9. c5 Bc7 10. b4 e5 11. dxe5 Nxe5 12. Nxe5 Bxe5 13. Bb2 Re8 14. Be2 Qe7 15.
Bf3 Bf5 16. g3 Rad8 17. Qc1 Ne4 18. Ne2 Ng5 19. Bg2 Bxb2 20. Qxb2 Bd3 21. Rfe1
Bxe2 22. Rxe2 Qd7 23. Rd1 Qf5 24. Rd4 Nf3+ 25. Bxf3 Qxf3 26. Red2 Qf6 27. Qb1
Re5 28. Rf4 Qe7 29. Rh4 g6 30. Qd3 Re8 31. Kg2 Re4 32. Rxe4 Qxe4+ 33. Qxe4 Rxe4
34. Rb2 Rc4 35. Kf3 Kg7 36. Ke2 Kf6 37. Kd3 Ke5 38. f3 f5 1/2-1/2

[Event "Bad Woerishofen 2017 - Senioren"]
[Site "Bad Woerishofen"]
[Date "2017.03.15"]
[Round "5.32"]
[White "Reichwald, Klaus"]
[Black "Goris, Ton"]
[Result "0-1"]
[WhiteElo "1834"]
[BlackElo "1992"]
[Annotator "chessorg"]
[PlyCount "84"]
[EventDate "2017.??.??"]
[WhiteTeam "SC Lohhof 1950 e.V."]

1. e4 e6 2. d3 d5 3. Nc3 Nf6 4. Bg5 Be7 5. Nf3 h6 6. Bd2 c5 7. g3 Nc6 8. Bg2 d4
9. Ne2 e5 10. O-O O-O 11. h3 Nh7 12. Nh2 f5 13. f4 fxe4 14. dxe4 Be6 15. b3 Qd7
16. f5 Bf7 17. Nf3 b5 18. g4 c4 19. h4 cxb3 20. axb3 Qd8 21. Be1 a5 22. Bg3 Bf6
23. Nc1 Re8 24. Nd3 a4 25. Qd2 Qe7 26. Nf2 axb3 27. cxb3 Bxb3 28. Nh3 Bc4 29.
Rfc1 Qb4 30. Qxb4 Nxb4 31. g5 Be7 32. Rxa8 Rxa8 33. Bxe5 Nd3 34. Rd1 Nxe5 35.
Nxe5 hxg5 36. hxg5 Nxg5 37. Nxg5 Bxg5 38. Nf3 Be3+ 39. Kh1 Be2 40. Re1 d3 41.
e5 Ra6 42. Rb1 Rh6+ 0-1

[Event "Bad Woerishofen 2017 - Senioren"]
[Site "Bad Woerishofen"]
[Date "2017.03.15"]
[Round "5.33"]
[White "Thielemann, Joachim"]
[Black "Plischke, Berthold"]
[Result "1-0"]
[WhiteElo "1829"]
[BlackElo "1987"]
[Annotator "chessorg"]
[PlyCount "161"]
[EventDate "2017.??.??"]
[WhiteTeam "SV Eutin"]
[BlackTeam "SV Wesel 1928 e.V."]

1. e4 e6 2. Nc3 c5 3. g3 Nc6 4. Bg2 Nf6 5. d3 Be7 6. Nge2 d5 7. O-O d4 8. Nb5
a6 9. Na3 O-O 10. h3 Qc7 11. f4 Rd8 12. g4 h6 13. Bd2 b5 14. Qe1 Bb7 15. Rd1
Rac8 16. Ng3 Na7 17. Ba5 Qd7 18. Bxd8 Qxd8 19. Nb1 Nc6 20. a3 Qb6 21. Qf2 c4
22. g5 Nd7 23. gxh6 gxh6 24. Kh2 e5 25. Nf5 Bf8 26. Qh4 Kh7 27. Rf3 exf4 28.
Rxf4 Nce5 29. Qf2 Ng6 30. Rf3 Nde5 31. Rg3 Rd8 32. Kh1 Bc8 33. Rf1 Bxf5 34.
Qxf5 Bd6 35. Nd2 cxd3 36. cxd3 Kh8 37. Nf3 Qc7 38. Qf6+ Kg8 39. Nxe5 Bxe5 40.
Rxg6+ fxg6 41. Qxg6+ Qg7 42. Qe6+ Kh8 43. Rf5 Bb8 44. Rh5 Bf4 45. Rf5 Rg8 46.
Qf6 Bg5 47. Qxg7+ Kxg7 48. Rc5 Rf8 49. Rc6 Rf6 50. Rc7+ Rf7 51. Rc5 Rf2 52. e5
Rd2 53. Rc7+ Kf8 54. Be4 Rxb2 55. Ra7 Bf4 56. Kg1 Bxe5 57. Rxa6 Bf4 58. Rf6+
Ke7 59. Rxf4 Rb3 60. Rf5 Rxa3 61. Rxb5 Ra6 62. Rh5 Kf7 63. Kg2 Kg7 64. Rd5 Ra4
65. Rd6 Rb4 66. Kg3 Ra4 67. Kf4 Rb4 68. Bf5 h5 69. Kg5 Rb5 70. Rxd4 h4 71. Rxh4
Kg8 72. Rh6 Rd5 73. Rf6 Re5 74. Kg6 Re8 75. Re6 Ra8 76. d4 Kh8 77. Bg4 Rg8+ 78.
Kf7 Rg7+ 79. Kf6 Kh7 80. Bf5+ Kh8 81. Re8+ 1-0

[Event "Bad Woerishofen 2017 - Senioren"]
[Site "Bad Woerishofen"]
[Date "2017.03.15"]
[Round "5.34"]
[White "Streiter, Manfred"]
[Black "Zwetz, Anita"]
[Result "1/2-1/2"]
[WhiteElo "1977"]
[BlackElo "1813"]
[PlyCount "55"]
[EventDate "2017.??.??"]
[WhiteTeam "SGem Vaihingen-Rohr"]
[BlackTeam "TSV Kareth-Lappersdorf"]

1. Nf3 d5 2. g3 Nf6 3. Bg2 c6 4. O-O e6 5. d4 Nbd7 6. c4 Be7 7. Qc2 O-O 8. Nc3
h6 9. Rd1 dxc4 10. Ne5 Nb6 11. e4 Qc7 12. Qe2 Bd7 13. Bf4 Qc8 14. Rac1 Qe8 15.
Be3 Rd8 16. a4 Bb4 17. Nxc4 Nxc4 18. Qxc4 a5 19. d5 cxd5 20. exd5 Rc8 21. Qf4
exd5 22. Nxd5 Nxd5 23. Rxc8 Qxc8 24. Bxd5 Bxa4 25. Rc1 Qd7 26. Qf3 Bc6 27. Bxc6
bxc6 28. Qxc6 1/2-1/2

[Event "Bad Woerishofen 2017 - Senioren"]
[Site "Bad Woerishofen"]
[Date "2017.03.14"]
[Round "5.35"]
[White "Trebbin, Wolfhard"]
[Black "Goris-Schouwstra, Adry"]
[Result "1/2-1/2"]
[WhiteElo "1960"]
[BlackElo "1752"]
[Annotator "chessorg"]
[PlyCount "42"]
[EventDate "2017.??.??"]
[WhiteTeam "SG Lasker Steglitz-Wilmersdorf"]

1. d4 d5 2. Nf3 e6 3. g3 g6 4. Bg2 Bg7 5. O-O Nf6 6. c4 O-O 7. Nc3 Nbd7 8. Bf4
a6 9. Qb3 c6 10. Ne5 Nxe5 11. Bxe5 dxc4 12. Qxc4 Nd5 13. Bxg7 Kxg7 14. Rad1 Bd7
15. e4 Nxc3 16. bxc3 b5 17. Qe2 Qc7 18. f4 Rad8 19. Qe3 Bc8 20. f5 exf5 21.
exf5 Bxf5 1/2-1/2

[Event "Bad Woerishofen 2017 - Senioren"]
[Site "Bad Woerishofen"]
[Date "2017.03.14"]
[Round "5.36"]
[White "Auterhoff, Juergen"]
[Black "Schirmer, Werner"]
[Result "1/2-1/2"]
[WhiteElo "1749"]
[BlackElo "1918"]
[Annotator "chessorg"]
[PlyCount "43"]
[EventDate "2017.??.??"]
[WhiteTeam "SC Pasing von 1948 e.V."]
[BlackTeam "Hamburger SK von 1830 eV"]

1. e4 c5 2. Nf3 Nc6 3. d4 cxd4 4. Nxd4 g6 5. Be3 Nf6 6. Nc3 Bg7 7. Be2 O-O 8.
O-O d5 9. exd5 Nb4 10. Nf3 Nbxd5 11. Nxd5 Nxd5 12. Bd4 Nf4 13. Bxg7 Qxd1 14.
Bxd1 Kxg7 15. g3 Nd5 16. Re1 Kf6 17. h4 Rd8 18. c3 h6 19. Bb3 Bg4 20. Ne5 Be6
21. Rad1 Rac8 22. Kg2 1/2-1/2

[Event "Bad Woerishofen 2017 - Senioren"]
[Site "Bad Woerishofen"]
[Date "2017.03.15"]
[Round "5.37"]
[White "Hager, Eberhard"]
[Black "Meinke, Dietlind"]
[Result "1-0"]
[WhiteElo "1730"]
[BlackElo "1904"]
[Annotator "chessorg"]
[PlyCount "89"]
[EventDate "2017.??.??"]
[WhiteTeam "SC Friedberg"]
[BlackTeam "MTV Leck von 1889"]

1. e4 d5 2. exd5 Qxd5 3. Nc3 Qd8 4. Be2 c6 5. d4 Bf5 6. Nf3 e6 7. O-O Nf6 8.
Bd3 Bg4 9. Be2 Bb4 10. a3 Bxc3 11. bxc3 Qa5 12. Qe1 Qa4 13. Qd1 Ne4 14. Bb2 Nd7
15. h3 Bh5 16. Ne1 Bg6 17. Bd3 Ndf6 18. Nf3 Qa5 19. Qe1 Rd8 20. Nh4 Nd6 21.
Nxg6 hxg6 22. Qe5 Qc7 23. c4 Rh5 24. Qe2 Nf5 25. Bxf5 Rxf5 26. Rad1 Kf8 27. Rd3
Rh5 28. Rfd1 Rh4 29. f3 Rh7 30. Qe5 Qb6 31. Rb3 Qa6 32. Qc7 Rd7 33. Qb8+ Ke7
34. d5 cxd5 35. Bc3 Ne8 36. Bb4+ Nd6 37. cxd5 Qe2 38. Re1 Qxc2 39. Bxd6+ Rxd6
40. Rxb7+ Rd7 41. d6+ Kf6 42. Rxd7 Qc5+ 43. Kh1 Qf2 44. Qd8+ Kf5 45. Rxf7# 1-0

[Event "Bad Woerishofen 2017 - Senioren"]
[Site "Bad Woerishofen"]
[Date "2017.03.15"]
[Round "5.38"]
[White "Lachat, Martin"]
[Black "Trefzer, Erhard"]
[Result "1/2-1/2"]
[WhiteElo "1642"]
[BlackElo "1886"]
[Annotator "chessorg"]
[PlyCount "62"]
[EventDate "2017.??.??"]
[WhiteTeam "ASK Réti Zuerich"]
[BlackTeam "SV Besigheim"]

1. c4 c6 2. Nc3 d5 3. cxd5 cxd5 4. d4 Nc6 5. Nf3 Nf6 6. g3 Bf5 7. Bg2 e6 8. O-O
Bd6 9. Bg5 h6 10. Bxf6 Qxf6 11. Nb5 Bb8 12. Rc1 O-O 13. a3 a6 14. Nc3 Ba7 15.
e3 Rac8 16. b4 b5 17. Nd2 Bd3 18. Re1 Ne7 19. Nb3 Bc4 20. Bf1 Nf5 21. Bxc4 bxc4
22. Nc5 Bxc5 23. bxc5 Qg6 24. Kh1 Rb8 25. Rb1 Ne7 26. Rb6 Rxb6 27. cxb6 Rb8 28.
Qb1 Qg4 29. Kg2 Nf5 30. Kh1 Qf3+ 31. Kg1 Qg4 1/2-1/2

[Event "Bad Woerishofen 2017 - Senioren"]
[Site "Bad Woerishofen"]
[Date "2017.03.14"]
[Round "5.40"]
[White "Buss, Richard"]
[Black "Blutharsch, Walter"]
[Result "0-1"]
[WhiteElo "1575"]
[BlackElo "1869"]
[Annotator "chessorg"]
[PlyCount "62"]
[EventDate "2017.??.??"]
[WhiteTeam "VfR Heisfelde e.V."]
[BlackTeam "VfL Sindelfingen"]

1. e4 e5 2. Nf3 Nc6 3. a3 Nf6 4. Nc3 Bc5 5. Bc4 O-O 6. O-O a6 7. d3 h6 8. b4
Bb6 9. h3 d6 10. Bb2 Be6 11. Nd5 Ba7 12. Qd2 Nh7 13. Bb3 Qd7 14. c4 f5 15. exf5
Rxf5 16. Ne3 Rf4 17. Kh2 Raf8 18. Nd5 Rxf3 19. gxf3 Rxf3 20. c5 Rxh3+ 21. Kg2
Qf7 22. Nf4 exf4 23. Bxe6 Qxe6 24. Rg1 Ng5 25. Qxf4 Qd5+ 26. Kf1 Qxd3+ 27. Ke1
Nf3+ 28. Qxf3 Rxf3 29. Rxg7+ Kf8 30. Rd1 Qe4+ 31. Kf1 Qc2 0-1

[Event "Bad Woerishofen 2017 - Senioren"]
[Site "Bad Woerishofen"]
[Date "2017.03.15"]
[Round "5.41"]
[White "Dietl, Robert"]
[Black "Niedermaier, Peter"]
[Result "1-0"]
[WhiteElo "1893"]
[BlackElo "1808"]
[Annotator "chessorg"]
[PlyCount "105"]
[EventDate "2017.??.??"]
[WhiteTeam "SK Koenigsbrunn"]
[BlackTeam "SU Ebersberg-Grafing"]

1. e4 c5 2. Nf3 Nc6 3. Bb5 g6 4. Bxc6 bxc6 5. O-O Bg7 6. Re1 Nf6 7. e5 Nd5 8.
c4 Nc7 9. b3 O-O 10. Bb2 Ne6 11. d4 cxd4 12. Nxd4 Nc5 13. Nc3 a5 14. Qe2 Bb7
15. Rad1 Re8 16. Ne4 Nxe4 17. Qxe4 a4 18. c5 axb3 19. axb3 Qc7 20. f4 e6 21.
Nf3 Ra5 22. Qb4 Bf8 23. Bd4 Rb8 24. Ra1 Rb5 25. Qc3 Bc8 26. Nd2 Qb7 27. Ra3 Rb4
28. Ra5 Qc7 29. Rea1 Qd8 30. Qe3 Be7 31. Bc3 R4b7 32. b4 f5 33. Nc4 Qf8 34. Ra8
Kf7 35. g3 Kg8 36. Qd4 Rxb4 37. Bxb4 Rxb4 38. Qc3 Bxc5+ 39. Kg2 Rb5 40. Nd6
Bxd6 41. exd6 Rd5 42. Qb4 Rb5 43. Qd4 c5 44. Qc4 Bb7+ 45. Kg1 Rb1+ 46. Rxb1
Qxa8 47. Qxc5 Be4 48. Rc1 Bc6 49. Kf2 Qa2+ 50. Rc2 Qd5 51. Qxd5 Bxd5 52. Rc7
Bc6 53. Rxc6 1-0

[Event "Bad Woerishofen 2017 - Senioren"]
[Site "Bad Woerishofen"]
[Date "2017.03.14"]
[Round "5.42"]
[White "Hansch, Klaus-Michael"]
[Black "Wawrinsky, Ludwig"]
[Result "1-0"]
[WhiteElo "1890"]
[BlackElo "1753"]
[Annotator "chessorg"]
[PlyCount "107"]
[EventDate "2017.??.??"]
[WhiteTeam "SC Weisse Dame e.V."]
[BlackTeam "1.SK Neuperlach e.V."]

1. e4 e5 2. d4 exd4 3. c3 dxc3 4. Bc4 Nc6 5. Nxc3 Bb4 6. Nf3 Bxc3+ 7. bxc3 Qf6
8. e5 Nxe5 9. Qe2 d6 10. Bg5 Qf5 11. Rd1 Kf8 12. Qxe5 Qxe5+ 13. Nxe5 f6 14. Nf3
fxg5 15. Nxg5 Bg4 16. f3 Re8+ 17. Kf2 Bh5 18. Ne6+ Rxe6 19. Bxe6 Nf6 20. Rhe1
Bf7 21. Bxf7 Kxf7 22. c4 Re8 23. Rxe8 Kxe8 24. Ke3 Nd7 25. Kd4 c6 26. f4 g6 27.
g4 Kf7 28. h3 h6 29. a4 a6 30. a5 Kf6 31. Rb1 Nc5 32. Ke3 Ke6 33. h4 Kf6 34.
Rb2 Ke7 35. Rf2 Nb3 36. Ra2 Kf6 37. Ke4 Nc5+ 38. Kd4 Ne6+ 39. Ke3 Nc5 40. Rd2
Ke6 41. f5+ gxf5 42. gxf5+ Kxf5 43. Rxd6 Kg4 44. Rxh6 Nb3 45. Rh7 Nxa5 46. Kd3
Nb3 47. h5 Kg5 48. Kc3 Nc5 49. Kb4 b5 50. Rh8 a5+ 51. Ka3 Nd7 52. h6 Kg6 53. h7
Kg7 54. Rd8 1-0

[Event "Bad Woerishofen 2017 - Senioren"]
[Site "Bad Woerishofen"]
[Date "2017.03.15"]
[Round "5.43"]
[White "Rueggeberg, Wilhelm"]
[Black "Sand, Rosemarie"]
[Result "1/2-1/2"]
[WhiteElo "1845"]
[BlackElo "1719"]
[Annotator "chessorg"]
[PlyCount "81"]
[EventDate "2017.??.??"]
[WhiteTeam "Sfr.Saarburg-Trier"]
[BlackTeam "Pfullingen"]

1. d4 Nf6 2. c4 g6 3. Nc3 d5 4. Nf3 Bg7 5. e3 O-O 6. cxd5 Nxd5 7. Be2 c5 8. O-O
Nc6 9. Qb3 Nxc3 10. bxc3 cxd4 11. cxd4 b6 12. Ba3 Bb7 13. Rac1 Rc8 14. Rfd1 Na5
15. Qb1 Rxc1 16. Rxc1 Qd7 17. Ne1 Bf6 18. h3 Rc8 19. Bf3 Bxf3 20. Nxf3 e6 21.
Rxc8+ Qxc8 22. Qc1 Qxc1+ 23. Bxc1 Nc4 24. Kf1 Be7 25. Ke2 Kf8 26. Kd3 b5 27. a4
a6 28. axb5 axb5 29. Nd2 Nb6 30. Kc2 Ke8 31. Kb3 Kd7 32. Ba3 Bxa3 33. Kxa3 Kc6
34. Kb3 Nd5 35. Ne4 h6 36. Nc5 e5 37. Nd3 exd4 38. exd4 Kd6 39. g3 h5 40. Ne5
Ke6 41. Nd3 1/2-1/2

[Event "Bad Woerishofen 2017 - Senioren"]
[Site "Bad Woerishofen"]
[Date "2017.03.15"]
[Round "5.44"]
[White "Bjorgvik, Jan Arne"]
[Black "Wulf, Adalbert"]
[Result "1-0"]
[WhiteElo "1779"]
[BlackElo "1840"]
[Annotator "chessorg"]
[PlyCount "99"]
[EventDate "2017.??.??"]
[BlackTeam "SV Ennigerloh-Oelde"]

1. e4 d6 2. d4 Nf6 3. Nc3 g6 4. Nf3 Bg7 5. Bc4 O-O 6. O-O Nc6 7. h3 a6 8. a4 b6
9. Re1 Nd7 10. Be3 Bb7 11. Qd2 Na5 12. Ba2 c5 13. dxc5 bxc5 14. Bh6 Rb8 15.
Rab1 Nc6 16. Bxg7 Kxg7 17. Red1 Nf6 18. Bd5 Qc7 19. b3 Rbd8 20. Qe3 e6 21. Bxc6
Qxc6 22. e5 Nd5 23. Nxd5 exd5 24. exd6 Rfe8 25. Qd2 d4 26. Re1 Rxe1+ 27. Rxe1
Rxd6 28. Re7 Rf6 29. Qe2 Kf8 30. Qe5 Kg7 31. h4 Qd5 32. Rc7 Qxe5 33. Nxe5 Bd5
34. Rxc5 Be6 35. Rc6 Rf5 36. Nf3 Bd5 37. Rxa6 Bxf3 38. gxf3 Rc5 39. Rd6 Rxc2
40. Rxd4 Rc3 41. b4 Kf6 42. Kg2 Ke5 43. Re4+ Kd6 44. Re3 Rc4 45. Rb3 Kc6 46.
Kg3 h5 47. Rb2 Kb6 48. Re2 Rxb4 49. Re7 Ka5 50. Rxf7 1-0

[Event "Bad Woerishofen 2017 - Senioren"]
[Site "Bad Woerishofen"]
[Date "2017.03.15"]
[Round "5.45"]
[White "Scholz, Herbert"]
[Black "Fuchs, Joachim"]
[Result "1-0"]
[WhiteElo "1838"]
[BlackElo "1736"]
[Annotator "chessorg"]
[PlyCount "57"]
[EventDate "2017.??.??"]
[WhiteTeam "Post SV Neustadt"]
[BlackTeam "SC Starnberg"]

1. b3 e5 2. Bb2 Nc6 3. e3 Bc5 4. Bb5 d6 5. d4 exd4 6. exd4 Qe7+ 7. Ne2 Bb4+ 8.
c3 a6 9. Bxc6+ bxc6 10. cxb4 d5 11. Ba3 Qe4 12. O-O Ne7 13. Nbc3 Qg6 14. b5
axb5 15. Bxe7 Kxe7 16. Nf4 Qf5 17. Re1+ Kf8 18. Nd3 Qg5 19. Re5 Bf5 20. Nc5 g6
21. Qe2 Kg7 22. Re1 Rhc8 23. Re7 Kg8 24. Qe3 Qh4 25. g3 Qh3 26. Qe5 Bg4 27. Qf6
Rf8 28. f3 Bf5 29. Qxc6 1-0

[Event "Bad Woerishofen 2017 - Senioren"]
[Site "Bad Woerishofen"]
[Date "2017.03.15"]
[Round "5.46"]
[White "Zappi, Adriano"]
[Black "Urban, Rudolf"]
[Result "1/2-1/2"]
[WhiteElo "1729"]
[BlackElo "1833"]
[Annotator "chessorg"]
[PlyCount "60"]
[EventDate "2017.??.??"]
[WhiteTeam "Merania"]
[BlackTeam "Roter Turm Altstadt Muenchen"]

1. d4 Nf6 2. Nf3 d5 3. Bf4 Bf5 4. e3 e6 5. h3 Bd6 6. Ne5 O-O 7. Nd2 Nfd7 8.
Ndf3 f6 9. Nxd7 Qxd7 10. Bxd6 Qxd6 11. c3 Nd7 12. Be2 c6 13. O-O e5 14. dxe5
fxe5 15. c4 Nf6 16. cxd5 cxd5 17. Qb3 Kh8 18. Rad1 Be6 19. Qc3 Nd7 20. a3 Rfc8
21. Qd2 Nf6 22. Ng5 Bg8 23. Nf3 Rc7 24. b4 Rac8 25. Rc1 Nd7 26. Rxc7 Qxc7 27.
Bb5 Nb6 28. Qb2 a6 29. Be2 Nd7 30. Rb1 Qc2 1/2-1/2

[Event "Bad Woerishofen 2017 - Senioren"]
[Site "Bad Woerishofen"]
[Date "2017.03.15"]
[Round "5.47"]
[White "Maassen, Hermann"]
[Black "Kelemen, Norbert"]
[Result "1/2-1/2"]
[WhiteElo "1832"]
[BlackElo "1630"]
[Annotator "chessorg"]
[PlyCount "51"]
[EventDate "2017.??.??"]
[BlackTeam "SC Weiße Dame Ulm e.V."]

1. e4 c5 2. Nf3 d6 3. d4 cxd4 4. Nxd4 Nf6 5. Nc3 a6 6. Bd3 e5 7. Nf5 Bxf5 8.
exf5 d5 9. O-O Nc6 10. Bg5 Be7 11. a3 O-O 12. Bxf6 Bxf6 13. Qg4 Re8 14. Rad1
Ne7 15. Be4 d4 16. Nb1 Qb6 17. b3 Rac8 18. Rd3 h6 19. Rg3 Bg5 20. h4 Bf6 21.
Rd1 Rc7 22. Nd2 Qc5 23. b4 Qd6 24. Bd3 Rec8 25. Ne4 Qb6 26. Qh5 1/2-1/2

[Event "Bad Woerishofen 2017 - Senioren"]
[Site "Bad Woerishofen"]
[Date "2017.03.15"]
[Round "5.48"]
[White "Hauke, Hans"]
[Black "Knischka, Walter"]
[Result "1/2-1/2"]
[WhiteElo "1702"]
[BlackElo "1831"]
[Annotator "chessorg"]
[PlyCount "41"]
[EventDate "2017.??.??"]
[BlackTeam "SK Oberguenzburg"]

1. e4 g6 2. d4 Bg7 3. Nf3 d6 4. Be2 a6 5. a4 Nd7 6. O-O e5 7. dxe5 dxe5 8. b4
Ne7 9. Bg5 h6 10. Be3 O-O 11. Qc1 Kh7 12. Rd1 Qe8 13. Ra3 Nf6 14. Bd3 Bg4 15.
Nbd2 g5 16. h3 Bxf3 17. Nxf3 Ng6 18. b5 axb5 19. Bxb5 Qe6 20. Nd2 Rfd8 21. Bc4
1/2-1/2

[Event "Bad Woerishofen 2017 - Senioren"]
[Site "Bad Woerishofen"]
[Date "2017.03.15"]
[Round "5.49"]
[White "Schnell, Franz"]
[Black "Flockerzi, Armin"]
[Result "1-0"]
[WhiteElo "1723"]
[BlackElo "1822"]
[Annotator "chessorg"]
[PlyCount "107"]
[EventDate "2017.??.??"]
[WhiteTeam "SV Trossingen"]
[BlackTeam "VfR-SC Koblenz"]

1. d4 d5 2. Nf3 Nf6 3. Bf4 Nbd7 4. e3 e6 5. Nbd2 Be7 6. h3 b6 7. Bd3 Bb7 8. O-O
O-O 9. c3 Re8 10. Rc1 Rc8 11. Ne5 Nf8 12. Re1 a6 13. Qe2 b5 14. b4 c6 15. Nb3
N6d7 16. Bg3 Nxe5 17. Bxe5 f6 18. Bg3 g6 19. e4 Qd7 20. f4 f5 21. e5 Kg7 22.
Rf1 Ra8 23. Bf2 Bd8 24. Nc5 Qf7 25. Be3 Bb6 26. a3 Bxc5 27. dxc5 a5 28. Bd4
axb4 29. axb4 Ra6 30. Ra1 Rea8 31. Rxa6 Rxa6 32. g4 Kg8 33. Qf2 Bc8 34. Qh4 Ra7
35. Rf2 Bd7 36. Kh2 Be8 37. gxf5 exf5 38. Rg2 Ne6 39. Qf2 Qg7 40. Be3 Qh6 41.
Bxf5 Nd8 42. Bg4 Qf8 43. f5 Qe7 44. Bd4 g5 45. f6 Qf7 46. Qe3 h6 47. e6 Qg6 48.
f7+ Nxf7 49. exf7+ Bxf7 50. Qe5 Be8 51. Be6+ Kf8 52. Qd6+ Re7 53. Rf2+ Bf7 54.
Rxf7+ 1-0

[Event "Bad Woerishofen 2017 - Senioren"]
[Site "Bad Woerishofen"]
[Date "2017.03.15"]
[Round "5.50"]
[White "Kumeth, Hartmut"]
[Black "Traversi, Carlo"]
[Result "1/2-1/2"]
[WhiteElo "1813"]
[BlackElo "1582"]
[Annotator "chessorg"]
[PlyCount "51"]
[EventDate "2017.??.??"]
[WhiteTeam "SK Union Oldenburg"]

1. d4 Nf6 2. Nf3 g6 3. Bf4 Bg7 4. e3 d6 5. h3 O-O 6. Be2 Nbd7 7. O-O b6 8. c4
Bb7 9. Nbd2 Rc8 10. Qc2 Re8 11. Rad1 Nh5 12. Bh2 e5 13. dxe5 dxe5 14. Ne4 Bxe4
15. Qxe4 Qe7 16. Qc6 Nhf6 17. g4 h6 18. Rd2 Nc5 19. Rfd1 Nfe4 20. Rd5 Rcd8 21.
Rxd8 Rxd8 22. Rxd8+ Qxd8 23. Qd5 Qxd5 24. cxd5 Nd7 25. Bb5 Nef6 26. b3 1/2-1/2

[Event "Bad Woerishofen 2017 - Senioren"]
[Site "Bad Woerishofen"]
[Date "2017.03.15"]
[Round "5.51"]
[White "Huhn, Ulrich"]
[Black "Mack, Friedemann"]
[Result "1-0"]
[WhiteElo "1808"]
[BlackElo "1517"]
[Annotator "chessorg"]
[PlyCount "131"]
[EventDate "2017.??.??"]
[WhiteTeam "SF Siemensstadt"]
[BlackTeam "TSG Steinheim"]

1. e4 e5 2. Nf3 Nc6 3. d4 exd4 4. Nxd4 Qf6 5. Nxc6 Qxc6 6. Nc3 Bb4 7. Qd4 Bxc3+
8. bxc3 f6 9. Bc4 Ne7 10. O-O d6 11. f4 Qc5 12. Kh1 Qxd4 13. cxd4 Bd7 14. e5
Rf8 15. exd6 cxd6 16. Re1 Kd8 17. Ba3 Nf5 18. Bd3 Re8 19. Rxe8+ Kxe8 20. Re1+
Kd8 21. Be4 Kc7 22. Rb1 Rb8 23. c3 h6 24. Kg1 Ne3 25. Kf2 Nc4 26. Bc1 Nb6 27.
Bd3 d5 28. f5 Re8 29. Bf4+ Kc8 30. Rc1 Nc4 31. Rb1 b5 32. a4 a6 33. axb5 Bxb5
34. Bxc4 dxc4 35. Re1 Rxe1 36. Kxe1 Kd7 37. Kd2 Kc6 38. Ke3 Kd5 39. Kf3 h5 40.
Bc7 Bd7 41. Kf4 Ba4 42. Bb6 Be8 43. Bd8 Bf7 44. g3 Be8 45. Ke3 Bf7 46. Ba5 Be8
47. Bb4 Bf7 48. Kf4 Be8 49. h4 Bf7 50. Bf8 g5+ 51. hxg5 fxg5+ 52. Kxg5 a5 53.
Kf6 Be8 54. Ke7 Bc6 55. f6 a4 56. Kf7 Ke4 57. Kg6 Kd3 58. Bb4 a3 59. Bxa3 Be8+
60. f7 Bxf7+ 61. Kxf7 Kxc3 62. d5 Kb3 63. Bc1 Kb4 64. d6 Kc5 65. d7 c3 66. d8=Q
1-0

[Event "Bad Woerishofen 2017 - Senioren"]
[Site "Bad Woerishofen"]
[Date "2017.03.15"]
[Round "5.52"]
[White "Harke, Horst"]
[Black "Wraga, Hermann"]
[Result "1-0"]
[WhiteElo "1836"]
[BlackElo "1683"]
[Annotator "chessorg"]
[PlyCount "145"]
[EventDate "2017.??.??"]
[WhiteTeam "SK Varel"]
[BlackTeam "SG Osnabrueck"]

1. d4 f5 2. Nf3 g6 3. c4 Nf6 4. Nc3 Bg7 5. Bg5 O-O 6. Bxf6 Bxf6 7. g3 d6 8. Bg2
c6 9. Rc1 Qe8 10. O-O Na6 11. a3 Nc7 12. b4 e5 13. dxe5 dxe5 14. b5 Qe6 15.
bxc6 bxc6 16. Na4 Rd8 17. Qc2 Qe7 18. Rfd1 Bb7 19. Rxd8+ Rxd8 20. Qb3 Ba6 21.
Ne1 e4 22. e3 c5 23. Bf1 Ne6 24. Nc3 Nc7 25. Ng2 g5 26. Qa4 Qd7 27. Qxd7 Rxd7
28. Na4 Ne6 29. h4 h6 30. hxg5 hxg5 31. Ne1 g4 32. Ng2 Be7 33. Nc3 Ng5 34. Nh4
Nf3+ 35. Nxf3 exf3 36. Nd5 Bg5 37. Rd1 Bc8 38. Bd3 Rf7 39. e4 fxe4 40. Bxe4 Bf5
41. Bxf5 Rxf5 42. Re1 Rf7 43. Re4 Bc1 44. Rxg4+ Kf8 45. a4 Rb7 46. Re4 Bd2 47.
Ne3 Bxe3 48. Rxe3 Rf7 49. Re5 Re7 50. Rxc5 Re1+ 51. Kh2 Rf1 52. Rf5+ Ke7 53.
Rxf3 Kd6 54. Kg2 Ra1 55. Rf6+ Kc5 56. Ra6 Kxc4 57. Rxa7 Kd5 58. g4 Ke4 59. Kg3
Ra3+ 60. Kh4 Rc3 61. Re7+ Kf4 62. Rf7+ Ke5 63. a5 Ke6 64. Rf5 Rc7 65. Rb5 Rh7+
66. Rh5 Rf7 67. Kg3 Ke7 68. Rb5 Ke6 69. f4 Rc7 70. Rb6+ Kf7 71. a6 Rc3+ 72. Kh4
Rc1 73. a7 1-0